Spanish cities - Sudden Death - Statistics

General Stats
  • This quiz has been taken 89 times
    78 since last reset
  • The average score is 7 of 10
Answers on the Grid
Answers color-coded by a green-red scale on the quiz's grid according to % correct below.
Dallas
Toledo
Murcia
Alicante
Curitiba
Zaragoza
Burgos
Cáceres
Matera
Braga
Cadiz
Zara
Amarillo
Valladolid
Olbia
Pamplona
A Coruña
 
Answer Stats
Answer % Correct
Zaragoza
85%
Alicante
81%
Cadiz
81%
Murcia
75%
Valladolid
75%
Pamplona
71%
A Coruña
68%
Toledo
68%
Burgos
51%
Cáceres
46%
No matching quizzes found
Score Distribution
Percent of People with Each Score
Percentile by Number Answered
Your Score History
You have not taken this quiz since the last reset